000 00695nam a2200229 a 4500
005 20140311163025.0
008 080206s19uu xx 00 eng d
020 _a9780071259279
050 _aT 56
_b.H55 2008
100 _aHillier, Frederick S.
245 _aIntroduction to management science :
_ba modelling and case studies approach with spreadsheets /
_cFrederick S. Hillier
250 _a3rd ed.
260 _aBoston, U.S.A :
_bMcGraw-Hill,
_c2008.
300 _a602 p. :
_bill ;
_c26 cm.
521 _aBSBA
650 _aManagement science.
700 _aHillier, Mark S.
700 _aSchmedders, Karl
700 _aStephens, Molly
942 _cBK
_2lcc
_kFOR
999 _c39534
_d39534